Language Quiz

Random Language or German Quiz
Score 0/20 Timer 04:00
1 Play Today
% Correct
English
97.1%
Arabic
86.9%
French
83.1%
Russian
80.2%
Chinese
80.1%
Korean
78.8%
Spanish
75.3%
Vietnamese
71%
Hebrew
70.3%
Italian
67.9%
% Correct
German
65.4%
Thai
65.2%
Hindi
62.2%
Portuguese
60.4%
Welsh
49.8%
Turkish
42.1%
Finnish
39.3%
Romanian
29.1%
Polish
23.6%
Swahili
19.4%

You're not logged in!

Compare scores with friends on all Sporcle quizzes.
OR
Log In

Sporcle TV

Today on Sporcle TV


Watch our educational content, quiz creation guides, and fun videos on Sporcle TV.

Show Comments

Extras

Top Quizzes Today


Score Distribution

Paid Content

Your Account Isn't Verified!

In order to create a playlist on Sporcle, you need to verify the email address you used during registration. Go to your Sporcle Settings to finish the process.

Report this User

Report this user for behavior that violates our Community Guidelines.

Details: